000 00532cam a2200145 4500500
005 20251012032552.0
041 _afre
042 _adc
100 1 0 _aSesé, Bernard
_eauthor
245 0 0 _aGiselda Leirner, La fille de Kafka, traduit du portugais (Brésil) par Monique Le Moing, Éditions Joëlle Losfelfd, 2005, 172 pages.
260 _c2006.
500 _a80
786 0 _nSigila | 17 | 1 | 2006-06-20 | p. 214-215 | 1286-1715
856 4 1 _uhttps://shs.cairn.info/revue-sigila-2006-1-page-214?lang=fr&redirect-ssocas=7080
999 _c1547706
_d1547706